00325nam a2200109Ia 450000500170000000800410001710000220005824500890008026000210016930000110019065000140020120260328104316.0260328s9999||||xx |||||||||||||| ||und|| aKidney, Walter C. 4aThe Architecture of Choice :b Eclecticism in America, 1880-1930 /cWalter C. Kidney bGeorge Brazilier a177 p. aAMÉRICA